000 00436cam a22001457a 4500
008 180718b1983 xxu||||| |||| 00| 0 eng d
020 _a0030633060
082 _aLmx914 B147
245 _aLocal government finance in the third world
_cedited by Roy Bahl And Barbare D. Miller
260 _aPraeger
_bPraeger
_c1983
300 _axvi,94p
650 _aLocal finance --Philippines.
700 _aMiller, Barbare D.
700 _aBahl , Roy
999 _c409743
_d409743